[Event "4NCL Online Division 6"]
[Site "online"]
[Date "2020.11.03"]
[Round "6.25"]
[White "Smith, Andrew R"]
[Black "Chapman, Chas"]
[Result "1-0"]
[WhiteElo "1692"]
[BlackElo "1592"]
[PlyCount "113"]
[EventDate "2020.11.03"]
[WhiteTeam "Morriston Benko"]
[BlackTeam "War & Piece 2"]

1. e4 c5 2. Nf3 d6 3. d4 cxd4 4. Nxd4 g6 5. Nc3 Bg7 6. Be3 Nf6 7. f3 Nc6 8. Bb5
Bd7 9. Bxc6 Bxc6 10. Qd2 O-O 11. O-O-O a5 12. g4 a4 13. a3 Bd7 14. h4 h5 15. g5
Ne8 16. f4 Rb8 17. Nd5 Nc7 18. Nb6 Nb5 19. Nxb5 Bxb5 20. f5 Bc6 21. Nd5 Bxd5
22. Qxd5 gxf5 23. exf5 e6 24. fxe6 Qe7 25. exf7+ Qxf7 26. Qxf7+ Rxf7 27. Rxd6
b5 28. Bd4 Bxd4 29. Rxd4 Rf2 30. Re1 Rbf8 31. Rd2 R2f4 32. Rh1 Rf1+ 33. Rxf1
Rxf1+ 34. Rd1 Rf4 35. Rh1 Kf7 36. Rh3 Ke6 37. Kd2 Rg4 38. Rh2 Kd5 39. Kc3 Kc5
40. b4+ Kc6 41. Rh3 Rc4+ 42. Kb2 Kd5 43. c3 Ke4 44. g6 Kf4 45. g7 Rc8 46. Rh1
Rg8 47. Rg1 Kf5 48. Rg5+ Kf6 49. Rxh5 Rxg7 50. Rg5 Rh7 51. Rg4 Kf5 52. Rd4 Ke5
53. Kc2 Rg7 54. Rd2 Rg4 55. Rh2 Kd5 56. h5 Kc4 57. Rd2 1-0

[Event "4NCL Online Division 6"]
[Site "online"]
[Date "2020.11.03"]
[Round "6.26"]
[White "Thomas, Jacob"]
[Black "Jones, Huw"]
[Result "0-1"]
[WhiteElo "1457"]
[BlackElo "1624"]
[PlyCount "44"]
[EventDate "2020.11.03"]
[WhiteTeam "War & Piece 2"]
[BlackTeam "Morriston Benko"]

1. e4 d5 2. exd5 Nf6 3. Nc3 Nxd5 4. Nxd5 Qxd5 5. Nf3 Bg4 6. Be2 Nc6 7. d3 O-O-O
8. Be3 f6 9. Qd2 e5 10. a3 Kb8 11. O-O g5 12. c4 Qd7 13. Rad1 h5 14. d4 exd4
15. Nxd4 Be7 16. Bxg4 hxg4 17. Nxc6+ Qxc6 18. Qc3 Bd6 19. g3 Rxh2 20. Rd5 Rdh8
21. f4 gxf3 22. Qxf6 Rg2# 0-1

[Event "4NCL Online Division 6"]
[Site "online"]
[Date "2020.11.03"]
[Round "6.27"]
[White "Williams, Luke"]
[Black "O'Neill, Stephen G"]
[Result "1-0"]
[WhiteElo "1671"]
[BlackElo "1457"]
[PlyCount "121"]
[EventDate "2020.11.03"]
[WhiteTeam "Morriston Benko"]
[BlackTeam "War & Piece 2"]

1. d4 Nf6 2. Nf3 e6 3. Bf4 Bb4+ 4. c3 Be7 5. Nbd2 O-O 6. e4 c5 7. e5 Nd5 8. Bg3
b6 9. Bd3 Nc6 10. Be4 Bb7 11. c4 Nc7 12. d5 exd5 13. cxd5 f5 14. exf6 Bxf6 15.
dxc6 Bxc6 16. Bxc6 dxc6 17. Qb3+ Nd5 18. O-O Rf7 19. Rfe1 Qd7 20. Ne5 Bxe5 21.
Rxe5 Raf8 22. Nf3 h6 23. Rd1 Qg4 24. Rexd5 cxd5 25. Ne5 Qe2 26. Nxf7 c4 27. Qf3
Qxf3 28. gxf3 Rxf7 29. Rxd5 Rxf3 30. Bc7 Rd3 31. Rxd3 cxd3 32. Kf1 Kf7 33. Ke1
Ke6 34. Kd2 g5 35. Bb8 a6 36. b4 b5 37. Kxd3 Kd5 38. Ke3 Kc4 39. Bd6 Kd5 40.
Bf8 h5 41. Bh6 g4 42. Kf4 Kc4 43. Bf8 Kd3 44. Kg5 Ke2 45. Bc5 Kf3 46. Kxh5 Kf4
47. Kh4 Kf5 48. h3 gxh3 49. Kxh3 Kf4 50. Kh4 Kf3 51. Kg5 Ke4 52. f4 Kd3 53. f5
Kc2 54. f6 Kb2 55. f7 Kxa2 56. f8=Q a5 57. bxa5 b4 58. Bxb4 Ka1 59. Qf2 Kb1 60.
Ba3 Ka1 61. Qb2# 1-0

[Event "4NCL Online Division 6"]
[Site "online"]
[Date "2020.11.03"]
[Round "6.35"]
[White "Smith, Bob"]
[Black "Love, James"]
[Result "0-1"]
[WhiteElo "1425"]
[BlackElo "1697"]
[PlyCount "58"]
[EventDate "2020.11.03"]
[WhiteTeam "East Kilbride Wanderers"]
[BlackTeam "Crowthorne 2"]

1. Nf3 e6 2. c4 f5 3. g3 Nf6 4. Bg2 d6 5. O-O e5 6. d3 h6 7. Nc3 Be6 8. b3 Nc6
9. e3 Qd7 10. a3 O-O-O 11. b4 Bf7 12. Bd2 e4 13. Ne1 exd3 14. Nxd3 Bxc4 15. Nf4
Bxf1 16. Kxf1 g5 17. Nfd5 Nxd5 18. Nxd5 Ne5 19. Bc3 Bg7 20. Rc1 Qb5+ 21. Kg1
Qd7 22. Bxe5 dxe5 23. Qb3 c6 24. Qa4 Kb8 25. Nc3 e4 26. Nxe4 fxe4 27. Bxe4 Rhe8
28. Bg2 Qd2 29. Rxc6 Qd1+ 0-1

[Event "4NCL Online Division 6"]
[Site "online"]
[Date "2020.11.03"]
[Round "6.36"]
[White "Fell, Colin C"]
[Black "Dunn, Jeff"]
[Result "1-0"]
[WhiteElo "1622"]
[BlackElo "1350"]
[PlyCount "55"]
[EventDate "2020.11.03"]
[WhiteTeam "Crowthorne 2"]
[BlackTeam "East Kilbride Wanderers"]

1. d3 d5 2. g3 c6 3. Bg2 Nf6 4. Nc3 e6 5. a3 Be7 6. e4 d4 7. Nce2 e5 8. h3 Be6
9. f4 Bd6 10. Nf3 Qc7 11. fxe5 Bxe5 12. Nxe5 Qxe5 13. Bf4 Qa5+ 14. b4 Qb6 15.
Bd6 Qd8 16. Bc5 Na6 17. Bxd4 Nc7 18. Bb2 Qe7 19. Qd2 h6 20. O-O O-O-O 21. Nf4
Kb8 22. Qe3 Rhg8 23. Kh2 Nh7 24. Nh5 f6 25. Nf4 g5 26. Nh5 Rdf8 27. Rf2 f5 28.
exf5 1-0

[Event "4NCL Online Division 6"]
[Site "online"]
[Date "2020.11.03"]
[Round "6.37"]
[White "Shrestha, Unnabh"]
[Black "Rajeev-Lazar, Csilla"]
[Result "1-0"]
[WhiteElo "1085"]
[BlackElo "1292"]
[PlyCount "87"]
[EventDate "2020.11.03"]
[WhiteTeam "East Kilbride Wanderers"]
[BlackTeam "Crowthorne 2"]

1. d4 Nf6 2. Bf4 d5 3. e3 a6 4. Nf3 Nc6 5. c3 Bf5 6. Bd3 Bg4 7. Nbd2 e6 8. Qc2
Bd6 9. Bg3 Qd7 10. O-O-O O-O-O 11. Rde1 Rde8 12. Bxd6 Qxd6 13. h3 Bh5 14. g4
Bg6 15. Reg1 h6 16. h4 Bxd3 17. Qxd3 g6 18. g5 hxg5 19. Nxg5 Ref8 20. f4 Ne7
21. Ndf3 Nd7 22. Ne5 f6 23. Nef7 Qc6 24. Nxh8 Rxh8 25. Nf3 f5 26. Rg5 Nf6 27.
Ne5 Qe8 28. Qe2 Ne4 29. Qh2 Nxg5 30. fxg5 Qg8 31. Qe2 Qe8 32. Rh3 Rh5 33. Nf3
Nc6 34. Nh2 Qh8 35. Qf2 Qe8 36. Nf1 e5 37. Ng3 Rh8 38. Rh1 exd4 39. exd4 Qf7
40. Qf3 Ne7 41. h5 gxh5 42. Rxh5 Rh6 43. gxh6 f4 44. h7 1-0

[Event "4NCL Online Division 6"]
[Site "online"]
[Date "2020.11.03"]
[Round "6.38"]
[White "Adhikari, Aanya"]
[Black "Nagar, Pankaj"]
[Result "0-1"]
[WhiteElo "1015"]
[BlackElo "770"]
[PlyCount "68"]
[EventDate "2020.11.03"]
[WhiteTeam "Crowthorne 2"]
[BlackTeam "East Kilbride Wanderers"]

1. e4 e5 2. Nf3 Nc6 3. d4 f6 4. d5 Nce7 5. Nc3 d6 6. Bb5+ c6 7. dxc6 bxc6 8.
Ba4 Bd7 9. Qxd6 Nd5 10. Qxf8+ Kxf8 11. exd5 cxd5 12. Bxd7 Qxd7 13. O-O Ne7 14.
Be3 d4 15. Rad1 Qc6 16. Nxd4 exd4 17. Bxd4 Kf7 18. Rfe1 Rhd8 19. Be3 Rxd1 20.
Rxd1 Nf5 21. Bd2 Nh4 22. f3 Qb6+ 23. Kf1 Qxb2 24. Rc1 Rd8 25. Be3 Qxc3 26. Bf2
Qc4+ 27. Kg1 g5 28. c3 Qxa2 29. c4 Rc8 30. c5 Qb2 31. Rd1 a5 32. Bd4 Qe2 33.
Bf2 Qxd1+ 34. Be1 Qxe1# 0-1

[Event "4NCL Online Division 6"]
[Site "online"]
[Date "2020.11.03"]
[Round "6.45"]
[White "Dobbie, Graham"]
[Black "White, John"]
[Result "1-0"]
[WhiteElo "1823"]
[BlackElo "1529"]
[PlyCount "91"]
[EventDate "2020.11.03"]
[WhiteTeam "East Kilbride Rovers"]
[BlackTeam "Celtic Tigers Cubs"]

1. c4 Nf6 2. Nc3 e6 3. e4 c5 4. e5 Ng8 5. Nf3 a6 6. d4 cxd4 7. Nxd4 Qc7 8. Bf4
Nc6 9. Nxc6 dxc6 10. a3 Ne7 11. Bg3 Ng6 12. f4 Be7 13. h4 h6 14. h5 Nf8 15. Ne4
Nd7 16. Bf2 f5 17. Nd6+ Bxd6 18. exd6 Qd8 19. Bh4 Nf6 20. Qd4 O-O 21. c5 Bd7
22. Bc4 Qe8 23. Bxf6 Rxf6 24. O-O-O Qf7 25. Rde1 Re8 26. Re3 Kh7 27. Rb3 Bc8
28. d7 Qxd7 29. Qxd7 Bxd7 30. Rxb7 Re7 31. Rd1 Rff7 32. Bxa6 Be8 33. Rxe7 Rxe7
34. Be2 e5 35. Rd6 exf4 36. Bf3 Re5 37. b4 Re3 38. Kb2 Bf7 39. Bxc6 Rb3+ 40.
Kc2 Rxa3 41. b5 Ra5 42. Kc3 Ra4 43. Bd5 Bxh5 44. b6 Ra3+ 45. Kb4 Ra6 46. b7 1-0

[Event "4NCL Online Division 6"]
[Site "online"]
[Date "2020.11.03"]
[Round "6.46"]
[White "Sarfas, Robin"]
[Black "Shrestha, Deepesh"]
[Result "1-0"]
[WhiteElo "1600"]
[BlackElo "1131"]
[PlyCount "71"]
[EventDate "2020.11.03"]
[WhiteTeam "Celtic Tigers Cubs"]
[BlackTeam "East Kilbride Rovers"]

1. d4 c6 2. c4 d5 3. Nf3 Nf6 4. Nc3 Bg4 5. Ne5 Bh5 6. h3 Nbd7 7. g4 Nxe5 8.
dxe5 Bxg4 9. exf6 Bf5 10. fxg7 Bxg7 11. Bd2 Qd6 12. cxd5 cxd5 13. Rc1 O-O 14.
Bg2 e6 15. O-O a6 16. e3 b5 17. Ne2 Bd3 18. Bc3 Bxc3 19. Rxc3 Bc4 20. b3 Bxe2
21. Qxe2 Kh8 22. Kh1 Rg8 23. Rfc1 Qe5 24. Qf3 Qg7 25. Rc7 Raf8 26. Ra7 Qb2 27.
Rcc7 Qa1+ 28. Kh2 Qe5+ 29. Qf4 Qg7 30. Qg3 Qb2 31. Qf4 Qg7 32. Qg4 Qe5+ 33. f4
Qxe3 34. Qf3 Qb6 35. Rxf7 Rc8 36. Rxh7# 1-0

[Event "4NCL Online Division 6"]
[Site "online"]
[Date "2020.11.03"]
[Round "6.47"]
[White "Nagar, Nikunj"]
[Black "Kwabiah, C Kenneth"]
[Result "0-1"]
[WhiteElo "653"]
[BlackElo "1540"]
[PlyCount "68"]
[EventDate "2020.11.03"]
[WhiteTeam "East Kilbride Rovers"]
[BlackTeam "Celtic Tigers Cubs"]

1. e4 c5 2. Nf3 e6 3. Bc4 Nc6 4. Nc3 a6 5. a3 b5 6. Be2 Qc7 7. d3 Nf6 8. O-O
Be7 9. Be3 d5 10. exd5 exd5 11. d4 c4 12. b3 O-O 13. b4 Bd6 14. h3 h6 15. Qd2
Bf5 16. Rac1 Kh7 17. Nh4 Ne4 18. Nxe4 Bxe4 19. Nf3 Ne7 20. g4 f5 21. Nh4 f4 22.
Nf3 c3 23. Qe1 fxe3 24. fxe3 Ng6 25. Bd3 Rxf3 26. Bxe4 Bh2+ 27. Kg2 Rxf1 28.
Kxf1 Rf8+ 29. Ke2 dxe4 30. h4 Qc4+ 31. Kd1 Rf1 32. h5 Rxe1+ 33. Kxe1 Bg3+ 34.
Kd1 Qf1# 0-1

[Event "4NCL Online Division 6"]
[Site "online"]
[Date "2020.11.03"]
[Round "6.48"]
[White "Osseiran, Nadim"]
[Black "Pardeshi, Prachi"]
[Result "0-1"]
[WhiteElo "1135"]
[BlackElo "523"]
[PlyCount "118"]
[EventDate "2020.11.03"]
[WhiteTeam "Celtic Tigers Cubs"]
[BlackTeam "East Kilbride Rovers"]

1. d4 d5 2. Bf4 Nf6 3. e3 Nc6 4. Nd2 Bg4 5. Ngf3 Ne4 6. h3 Bh5 7. Be2 Nxd2 8.
Qxd2 f6 9. O-O Bxf3 10. Bxf3 e5 11. dxe5 fxe5 12. Bh2 e4 13. Be2 Bd6 14. Bxd6
Qxd6 15. Qc3 a6 16. Bh5+ Kd7 17. Qxg7+ Ne7 18. Bg4+ Kc6 19. Qc3+ Qc5 20. Qxc5+
Kxc5 21. Rfd1 Rag8 22. a3 h5 23. b4+ Kb6 24. Be6 Rg5 25. h4 Re5 26. Bh3 Nf5 27.
g3 Rg8 28. Kh2 c6 29. c3 Rf8 30. Kg1 Rg8 31. Kh2 Kc7 32. Bf1 b6 33. Bxa6 b5 34.
a4 Kb6 35. axb5 cxb5 36. Ra5 Ra8 37. Rda1 Nd6 38. Bb7 Rxa5 39. bxa5+ Kxb7 40.
a6+ Ka7 41. Kg1 Nc4 42. Kf1 Nb6 43. Ke2 Na4 44. Kd2 Kxa6 45. Kc2 Kb6 46. Kb3
Kc5 47. Rd1 Nxc3 48. Rc1 b4 49. Rc2 Rf5 50. Kb2 Kc4 51. Kc1 b3 52. Rb2 Na2+ 53.
Kb1 Kc3 54. Ka1 Kb4 55. Kb1 Ka3 56. Ka1 Rf6 57. Kb1 Rc6 58. Ka1 Rc1+ 59. Rb1
b2# 0-1

[Event "4NCL Online Division 6"]
[Site "online"]
[Date "2020.11.03"]
[Round "6.55"]
[White "Sarkar, Rian"]
[Black "Cox, Paul"]
[Result "1/2-1/2"]
[WhiteElo "1600"]
[BlackElo "1600"]
[PlyCount "103"]
[EventDate "2020.11.03"]
[WhiteTeam "Barnet Knights D"]
[BlackTeam "Malpas & Croesoswallt"]

1. d4 d5 2. c4 c6 3. Nc3 Nf6 4. Nf3 Bf5 5. Bg5 e6 6. e3 Be7 7. Rc1 Nbd7 8. cxd5
exd5 9. Bd3 Ne4 10. Bxe7 Qxe7 11. O-O g6 12. Bxe4 Bxe4 13. Nd2 Bd3 14. Re1 O-O
15. e4 dxe4 16. Ndxe4 Bxe4 17. Rxe4 Qd6 18. Qe2 Nf6 19. Re7 Rfe8 20. Re1 Rad8
21. Qe5 Rxe7 22. Qxe7 Qxd4 23. Qxb7 Ng4 24. Rf1 Qb6 25. Qxb6 axb6 26. Rd1 Rxd1+
27. Nxd1 Ne5 28. Kf1 Kf8 29. Ke2 Ke7 30. Ke3 Ke6 31. b3 f5 32. h3 h5 33. f4 Nd7
34. h4 Nf6 35. Nf2 Kd5 36. Kd3 b5 37. a3 c5 38. a4 bxa4 39. bxa4 Nd7 40. Nd1
c4+ 41. Ke3 Nc5 42. Nc3+ Kc6 43. Kd4 Nd3 44. g3 Nb2 45. Ke5 Kc5 46. a5 Nd3+ 47.
Kf6 Nb4 48. Kxg6 Kd4 49. Nb5+ Kc5 50. Nc3 Kd4 51. Nb5+ Kc5 52. Nc3 1/2-1/2

[Event "4NCL Online Division 6"]
[Site "online"]
[Date "2020.11.03"]
[Round "6.56"]
[White "Evans, Alf"]
[Black "Gardner, Kai"]
[Result "0-1"]
[WhiteElo "1367"]
[BlackElo "1390"]
[PlyCount "60"]
[EventDate "2020.11.03"]
[WhiteTeam "Malpas & Croesoswallt"]
[BlackTeam "Barnet Knights D"]

1. e4 d5 2. exd5 Nf6 3. Nf3 Nxd5 4. d4 e6 5. c4 Nf6 6. Nc3 Nc6 7. Be2 Be7 8.
O-O O-O 9. Re1 b6 10. Be3 Bb7 11. a3 Nd7 12. b4 a6 13. Qd3 f5 14. c5 bxc5 15.
dxc5 Bf6 16. Qc4 Qe7 17. Rad1 Nde5 18. Qb3 Ng4 19. Bf4 Rad8 20. h3 Nge5 21. a4
Ng6 22. Be3 f4 23. Bc1 Nd4 24. Nxd4 Bxd4 25. Na2 Qh4 26. Rf1 Qg5 27. Qxe6+ Kh8
28. c6 Bc8 29. Qc4 Nh4 30. g3 Qxg3+ 0-1

[Event "4NCL Online Division 6"]
[Site "online"]
[Date "2020.11.03"]
[Round "6.57"]
[White "Dharan, Arjun Aditya"]
[Black "Varjian, Gary"]
[Result "1-0"]
[WhiteElo "1367"]
[BlackElo "1423"]
[PlyCount "81"]
[EventDate "2020.11.03"]
[WhiteTeam "Barnet Knights D"]
[BlackTeam "Malpas & Croesoswallt"]

1. e4 d6 2. Nf3 Nf6 3. Nc3 Nbd7 4. Bc4 h6 5. h3 c6 6. O-O e5 7. d3 Be7 8. Nh2
g5 9. Ng4 Nf8 10. Qf3 Ng6 11. Nxf6+ Bxf6 12. b4 Bd7 13. a4 Qc8 14. Qxf6 Rh7 15.
Qxd6 Rg7 16. Ba3 b5 17. Bb3 Rb8 18. Qf6 Kf8 19. Bxf7 Rxf7 20. Qxg6 Rb7 21.
Qxh6+ Rg7 22. Bb2 g4 23. Ne2 Qe8 24. Qf6+ Kg8 25. Bxe5 Be6 26. Nf4 Rbf7 27.
Qxe6 Qf8 28. Bxg7 Qxg7 29. Qg6 Rxf4 30. Qxg7+ Kxg7 31. hxg4 Rxg4 32. Rfe1 a6
33. Re3 Rh4 34. Rf3 Rh5 35. Rf4 Rh6 36. Re1 Rd6 37. Re3 Kg6 38. Rg3+ Kh5 39.
Rg8 Rh6 40. Rf3 Kh4 41. Rh3# 1-0

[Event "4NCL Online Division 6"]
[Site "online"]
[Date "2020.11.03"]
[Round "6.65"]
[White "Zsibrita, Steve"]
[Black "Clarke, Anthony J"]
[Result "1-0"]
[WhiteElo "1465"]
[BlackElo "1442"]
[PlyCount "59"]
[EventDate "2020.11.03"]
[WhiteTeam "Hertford 3"]
[BlackTeam "Enfield 2"]

1. d4 d5 2. e3 e6 3. Bd3 Nf6 4. Nd2 c5 5. c3 c4 6. Bc2 Nc6 7. f4 Be7 8. Ngf3 h6
9. Ne5 Bd7 10. O-O b5 11. a3 a5 12. Rf3 b4 13. Rh3 b3 14. Bb1 Nxe5 15. fxe5 Ne4
16. Nxe4 dxe4 17. Bxe4 Rb8 18. Qg4 Bg5 19. Rf3 h5 20. Qg3 h4 21. Qf2 Qe7 22.
Bd2 Rb6 23. Rf1 f5 24. exf6 gxf6 25. Bg6+ Kd8 26. e4 Bxd2 27. Qxd2 Rf8 28. Qf2
e5 29. dxe5 Qxe5 30. Qxb6+ 1-0

[Event "4NCL Online Division 6"]
[Site "online"]
[Date "2020.11.03"]
[Round "6.66"]
[White "Banks, Stephen"]
[Black "Humeniuk, Michael"]
[Result "1-0"]
[WhiteElo "1450"]
[BlackElo "1435"]
[PlyCount "111"]
[EventDate "2020.11.03"]
[WhiteTeam "Enfield 2"]
[BlackTeam "Hertford 3"]

1. e4 e5 2. Nf3 Nc6 3. Bc4 Bc5 4. O-O Nf6 5. d3 d6 6. Nc3 O-O 7. Bg5 h6 8. Bh4
g5 9. Nxg5 Bg4 10. Qd2 Kg7 11. Kh1 Bh5 12. a3 Nd4 13. b4 Bb6 14. f3 Qd7 15. Nh3
c6 16. Bxf6+ Kxf6 17. Qxh6+ Bg6 18. Qg5+ Kg7 19. f4 Bd8 20. Qg3 Kh8 21. Rac1
Rg8 22. Ng5 Rg7 23. f5 Bh7 24. f6 Rxg5 25. Qxg5 Bxf6 26. Qxf6+ Kg8 27. Bxf7+
Qxf7 28. Qxf7+ Kh8 29. Rf6 Rg8 30. Rh6 Rg7 31. Rxh7+ Kxh7 32. Qh5+ Kg8 33. Rf1
Ne6 34. Rf6 Nf4 35. Rxf4 exf4 36. e5 dxe5 37. Ne4 Rf7 38. Qxe5 f3 39. gxf3 Rxf3
40. Qb8+ Kg7 41. Qxb7+ Rf7 42. Qxc6 Rf1+ 43. Kg2 Rf7 44. Ng5 Rf6 45. Qd7+ Kh6
46. Nf7+ Kg6 47. Ne5+ Kg5 48. Qg4+ Kh6 49. Qh4+ Kg7 50. Nd7 Rg6+ 51. Kf3 Rh6
52. Qe7+ Kg6 53. Ne5+ Kf5 54. Ng4 Re6 55. Qxe6+ Kxe6 56. Kf4 1-0

[Event "4NCL Online Division 6"]
[Site "online"]
[Date "2020.11.03"]
[Round "6.67"]
[White "Brewis, Alan"]
[Black "Dometakis, Lakis"]
[Result "1-0"]
[WhiteElo "1360"]
[BlackElo "1375"]
[PlyCount "61"]
[EventDate "2020.11.03"]
[WhiteTeam "Hertford 3"]
[BlackTeam "Enfield 2"]

1. d4 d5 2. Bf4 e6 3. e3 c5 4. c3 cxd4 5. exd4 Nf6 6. Nd2 Be7 7. Bd3 O-O 8.
Ngf3 Nbd7 9. Ne5 a6 10. O-O Qb6 11. Rb1 Nh5 12. Qxh5 Nf6 13. Qh3 h6 14. Rfe1
Rd8 15. Re3 Bf8 16. Rg3 g5 17. Be3 Bg7 18. Bxg5 hxg5 19. Rxg5 Ne4 20. Nxe4 dxe4
21. Bxe4 f5 22. Qh6 Qc7 23. Bd3 Kf8 24. Qh7 Rd7 25. Ng6+ Kf7 26. Ne5+ Kf6 27.
Qg6+ Ke7 28. Qxg7+ Kd6 29. Nxd7 Bxd7 30. Qe5+ Kc6 31. Qc5# 1-0

[Event "4NCL Online Division 6"]
[Site "online"]
[Date "2020.11.03"]
[Round "6.68"]
[White "March, Steven J"]
[Black "Berkhout, Theo"]
[Result "1-0"]
[WhiteElo "1285"]
[BlackElo "1082"]
[PlyCount "69"]
[EventDate "2020.11.03"]
[WhiteTeam "Enfield 2"]
[BlackTeam "Hertford 3"]

1. e4 c5 2. c4 Nf6 3. Nc3 e5 4. Nf3 d6 5. h3 g6 6. d3 Bg7 7. Bd2 O-O 8. Be2 Nc6
9. Qc1 Nd4 10. Nxd4 cxd4 11. Nd1 Bd7 12. Bh6 Rc8 13. Bxg7 Kxg7 14. b3 a5 15. a4
d5 16. f3 Qb6 17. Rb1 Qd8 18. Nf2 b6 19. f4 exf4 20. Qxf4 Qe7 21. e5 Nh5 22.
Bxh5 gxh5 23. Qxd4 Rfe8 24. O-O Qxe5 25. Qxb6 dxc4 26. dxc4 Rb8 27. Qa7 Bf5 28.
Rbe1 Qd6 29. Rxe8 Rxe8 30. Qxa5 Qg6 31. Qd2 Bc2 32. a5 Bxb3 33. Qc3+ Kg8 34.
Qxb3 Re5 35. Qb8+ 1-0

[Event "4NCL Online Division 6"]
[Site "online"]
[Date "2020.11.03"]
[Round "6.75"]
[White "Burling, Andrew"]
[Black "Tarigopula, Pawan Kumar"]
[Result "0-1"]
[WhiteElo "1307"]
[BlackElo "1225"]
[PlyCount "92"]
[EventDate "2020.11.03"]
[WhiteTeam "Horsham 3"]
[BlackTeam "Uxbridge Bombers C"]

1. e4 c5 2. d4 cxd4 3. c3 d3 4. Bxd3 Nc6 5. Nf3 g6 6. Be3 Bg7 7. Nbd2 Nf6 8.
Nc4 O-O 9. Qd2 Ng4 10. Bf4 d6 11. h3 Nf6 12. Bh6 Be6 13. O-O-O Bxc4 14. Bxg7
Kxg7 15. Bxc4 Nxe4 16. Qe3 Nf6 17. g4 Na5 18. Bd3 Qc7 19. g5 Nh5 20. Nh4 Kg8
21. f4 e6 22. Be2 Ng7 23. Ng2 Nf5 24. Qf2 d5 25. Kb1 Nc4 26. h4 Ncd6 27. h5 Ne4
28. Qf3 Qc5 29. hxg6 fxg6 30. Qh3 Rf7 31. Nh4 Nf2 32. Qh2 Nxh4 33. Qxh4 Nxh1
34. Rxh1 Qe3 35. Bg4 Qe4+ 36. Ka1 Raf8 37. Re1 Qxf4 38. a3 Qc4 39. b3 Qxc3+ 40.
Kb1 Qxb3+ 41. Kc1 Qxa3+ 42. Kd2 Rf2+ 43. Re2 Qa2+ 44. Kd3 Qc4+ 45. Kd2 Rxe2+
46. Bxe2 Qxh4 0-1

[Event "4NCL Online Division 6"]
[Site "online"]
[Date "2020.11.03"]
[Round "6.76"]
[White "Tarigopula, Varish"]
[Black "Roberts, Harry"]
[Result "1-0"]
[WhiteElo "1225"]
[BlackElo "1240"]
[PlyCount "65"]
[EventDate "2020.11.03"]
[WhiteTeam "Uxbridge Bombers C"]
[BlackTeam "Horsham 3"]

1. e4 e5 2. Nf3 Nc6 3. d4 exd4 4. Bc4 Nf6 5. e5 Ne4 6. O-O Bc5 7. c3 d6 8. Bd5
Bf5 9. cxd4 Nxd4 10. Nxd4 Bxd4 11. Qxd4 O-O 12. Bxe4 Bxe4 13. Qxe4 d5 14. Qg4
g6 15. Bh6 Re8 16. Re1 f5 17. Qb4 b6 18. e6 Qh4 19. Bd2 Qf6 20. Bc3 Qg5 21. e7
Kf7 22. Qd4 Rxe7 23. Qg7+ Ke8 24. Qh8+ Kf7 25. Rxe7+ Qxe7 26. Qxh7+ Ke8 27.
Qg8+ Kd7 28. Qxd5+ Ke8 29. Qxa8+ Kf7 30. Na3 a5 31. Qd5+ Ke8 32. Re1 Qxe1+ 33.
Bxe1 1-0

[Event "4NCL Online Division 6"]
[Site "online"]
[Date "2020.11.03"]
[Round "6.77"]
[White "Cowley, Charlie"]
[Black "Kumar, Shaurya"]
[Result "1-0"]
[WhiteElo "1210"]
[BlackElo "1225"]
[PlyCount "53"]
[EventDate "2020.11.03"]
[WhiteTeam "Horsham 3"]
[BlackTeam "Uxbridge Bombers C"]

1. c4 e5 2. Nc3 Nf6 3. g3 e4 4. Bg2 d5 5. b3 Bf5 6. Bb2 c6 7. e3 Bd6 8. Nge2
O-O 9. Qc2 Nbd7 10. Nd4 Bg4 11. h3 Bh5 12. g4 Bg6 13. h4 Nxg4 14. Bh3 Ngf6 15.
O-O-O Bh5 16. Rdg1 c5 17. Nf5 Nb6 18. Nxg7 Bg6 19. Bf5 Kxg7 20. h5 Nxh5 21.
Rxh5 Kh8 22. Rxh7+ Bxh7 23. Nxd5+ f6 24. Qxe4 Re8 25. Qh4 Qd7 26. Qxf6+ Qg7 27.
Qxg7# 1-0

[Event "4NCL Online Division 6"]
[Site "online"]
[Date "2020.11.03"]
[Round "6.85"]
[White "Wood, Paul E"]
[Black "Das, Devorshi"]
[Result "1-0"]
[WhiteElo "1592"]
[BlackElo "1127"]
[PlyCount "66"]
[EventDate "2020.11.03"]
[WhiteTeam "Plymouth 2"]
[BlackTeam "Uxbridge Bombers D"]

1. c4 e5 2. g3 Nc6 3. Bg2 Nf6 4. Nc3 Bc5 5. a3 Ng4 6. e3 Nf6 7. b4 Be7 8. Bb2
a6 9. Nge2 d6 10. O-O Bg4 11. d4 exd4 12. exd4 O-O 13. Qd2 Qd7 14. Rfe1 Rfe8
15. Nf4 Nh5 16. Nfd5 Be6 17. Qe2 Nf6 18. Nxe7+ Rxe7 19. Qd2 d5 20. c5 Bh3 21.
Ne2 Rae8 22. Nf4 Bxg2 23. Kxg2 Ne4 24. Qc2 Qf5 25. Re2 Qf6 26. Nxd5 Qg6 27.
Nxe7+ Rxe7 28. d5 Nd8 29. f3 Nxg3 30. hxg3 Rxe2+ 31. Qxe2 f6 32. Re1 Kf8 33.
Qe7+ Kg8 1-0

[Event "4NCL Online Division 6"]
[Site "online"]
[Date "2020.11.03"]
[Round "6.86"]
[White "Mangalagiri, Pranav"]
[Black "Peach, Clifford B"]
[Result "1/2-1/2"]
[WhiteElo "1165"]
[BlackElo "1525"]
[PlyCount "67"]
[EventDate "2020.11.03"]
[WhiteTeam "Uxbridge Bombers D"]
[BlackTeam "Plymouth 2"]

1. e4 c6 2. Nf3 d5 3. exd5 cxd5 4. c4 Nf6 5. d4 Bg4 6. Nbd2 e6 7. cxd5 Bxf3 8.
Nxf3 Bb4+ 9. Bd2 Bxd2+ 10. Qxd2 Nxd5 11. Bb5+ Nc6 12. Bxc6+ bxc6 13. O-O O-O
14. Rac1 Rc8 15. Ne5 Ne7 16. Qb4 Re8 17. Qc5 Qb6 18. Qxb6 axb6 19. Nd7 Nd5 20.
Ne5 Ne7 21. b4 b5 22. Rc5 Rc7 23. f4 Rd8 24. Rd1 Rd5 25. a3 Rd8 26. g4 Ra8 27.
Rd3 g6 28. Rdc3 Rac8 29. Kg2 Kf8 30. Kh3 f6 31. Nf3 Nd5 32. Rc2 Nxf4+ 33. Kg3
Nd5 34. Re2 1/2-1/2

[Event "4NCL Online Division 6"]
[Site "online"]
[Date "2020.11.03"]
[Round "6.87"]
[White "Caleshu, Caleb"]
[Black "Kapoor, Devansh"]
[Result "1-0"]
[WhiteElo "1480"]
[BlackElo "1075"]
[PlyCount "39"]
[EventDate "2020.11.03"]
[WhiteTeam "Plymouth 2"]
[BlackTeam "Uxbridge Bombers D"]

1. e4 e6 2. d4 d5 3. Nd2 Nc6 4. Ngf3 f5 5. e5 b6 6. c4 dxc4 7. Nxc4 Ba6 8. Nd6+
cxd6 9. Bxa6 dxe5 10. Bb5 Rc8 11. Nxe5 Nge7 12. Bg5 Qd5 13. Bxe7 Bxe7 14. Bxc6+
Rxc6 15. Nxc6 Qxc6 16. O-O O-O 17. Qb3 Kh8 18. Rfe1 Qd5 19. Qxd5 exd5 20. Rxe7
1-0

[Event "4NCL Online Division 6"]
[Site "online"]
[Date "2020.11.03"]
[Round "6.88"]
[White "Peddireddi, Satya"]
[Black "Wright, Andrew D"]
[Result "0-1"]
[WhiteElo "1075"]
[BlackElo "1517"]
[PlyCount "81"]
[EventDate "2020.11.03"]
[WhiteTeam "Uxbridge Bombers D"]
[BlackTeam "Plymouth 2"]

1. e4 d6 2. Nf3 g6 3. Nc3 Bg7 4. Bc4 Nc6 5. Ng5 e6 6. d3 Nge7 7. Nxf7 Kxf7 8.
Qf3+ Ke8 9. Bg5 Ne5 10. Qe3 Nxc4 11. dxc4 h6 12. Bh4 g5 13. Bg3 e5 14. Nd5 Nxd5
15. exd5 Bf5 16. c3 Qe7 17. O-O Kd7 18. a4 Raf8 19. Qxa7 h5 20. Qxb7 h4 21.
Qc6+ Kd8 22. a5 hxg3 23. hxg3 Qd7 24. a6 Qxc6 25. dxc6 Ke7 26. Rfe1 Ra8 27. a7
Rh7 28. f3 g4 29. f4 e4 30. Ra5 Kf6 31. b4 Ke6 32. Ra3 d5 33. b5 d4 34. c5 dxc3
35. Ra4 Kd5 36. b6 cxb6 37. cxb6 Kxc6 38. Rb1 Kb7 39. Ra5 Bd4+ 40. Kf1 Rh1+ 41.
Ke2 0-1

[Event "4NCL Online Division 6"]
[Site "online"]
[Date "2020.11.17"]
[Round "7.11"]
[White "Povah, Nigel E"]
[Black "Gregory, Sam"]
[Result "0-1"]
[WhiteElo "2282"]
[BlackElo "1861"]
[PlyCount "126"]
[EventDate "2020.11.17"]
[WhiteTeam "Guildford Castles"]
[BlackTeam "Dundee City B"]

1. d4 Nf6 2. Bf4 c5 3. d5 Qb6 4. Nc3 Qxb2 5. Bd2 Qb6 6. e4 d6 7. f4 Nbd7 8. Nf3
a6 9. a4 g6 10. Be2 Bg7 11. e5 dxe5 12. fxe5 Ng4 13. e6 fxe6 14. Ng5 Ne3 15.
Bxe3 Bxc3+ 16. Bd2 Bxa1 17. Qxa1 Nf6 18. Bc4 O-O 19. O-O h6 20. Nxe6 Bxe6 21.
dxe6 Kg7 22. Qc1 Rh8 23. Bc3 Qc6 24. a5 Raf8 25. Qe3 Kh7 26. Qh3 Rhg8 27. Bd2
h5 28. Qe3 Ng4 29. Rf7+ Rg7 30. Qf4 Rgxf7 31. exf7 Qf6 32. h3 Qxf4 33. Bxf4 Nh6
34. Bg5 Nxf7 35. Bxe7 Re8 36. Bf6 Ne5 37. Bd5 Nc6 38. Bc3 Re2 39. Bb3 c4 40.
Ba4 Re6 41. Kf2 Kg8 42. Kf3 Kf7 43. h4 Ke7 44. Kf4 Re2 45. Kf3 Re6 46. Kf4 Kd7
47. Bd4 Kd6 48. Bc3 Kc5 49. g3 Nd4 50. Bd2 Ne2+ 51. Kf3 Nd4+ 52. Kf4 Nb5 53. c3
Rd6 54. Be3+ Kc6 55. Ke4 Rd3 56. Bd4 Kd6 57. Be5+ Ke6 58. Bc2 Rd2 59. Bb1 Re2+
60. Kf4 Rxe5 61. Bxg6 Nxc3 62. g4 hxg4 63. Kxg4 Ne4 0-1